| 000 | 00981nam a2200253Ia 4500 | ||
|---|---|---|---|
| 003 | OSt | ||
| 005 | 20221005104630.0 | ||
| 006 | a|||||r|||| 00| 0 | ||
| 007 | ta | ||
| 008 | 221004b |||||||| |||| 00| 0 hin d | ||
| 024 | _a107274 | ||
| 037 | _cTextual | ||
| 040 |
_aCRL _cCRL _bhin |
||
| 041 |
_2hin _ahin |
||
| 082 | _aO152,5vN5, J6 | ||
| 100 |
_aविद्यावाचास्पति, इन्द्र _9162516 |
||
| 245 | 0 | _aआधुनिक भारत में वक्तृत्व कला की प्रगति | |
| 246 | _aĀdhunik bhārat mean vaktṛutva kalā kī pragati | ||
| 260 |
_aदिल्ली _bवाचास्पति पुस्तक भण्डार भारत _c1956 |
||
| 300 |
_a78पृ0 _ccm. |
||
| 650 | _aहिन्दी साहित्य | ||
| 942 |
_hO152,5vN5, J6 _cTEXL _2cc |
||
| 999 |
_c1013296 _d1013296 |
||